| 000 | 01012cam a2200241 a 4500 | ||
|---|---|---|---|
| 001 | 000014330 | ||
| 003 | DO-SdBNP | ||
| 005 | 20231228093616.0 | ||
| 008 | 971031s1997 mx a s 000 0 spa | ||
| 040 |
_aDO-SdBNP _bspa _cBNPHU |
||
| 082 | 4 |
_a331.31 _bD448m _222 |
|
| 245 | 0 | 0 |
_aDesconocidos y maltratados : _blos otros héroes / _ccoordinadores Pastora L. Ferráez Lepe, Roberto Pérez Valenzuela. |
| 260 |
_aColima : _bGobierno del Estado de Colima ; _bUniversidad de Colima, _c1997. |
||
| 300 |
_a211 p. : _bil. ; _c28 cm. |
||
| 650 | 4 |
_aTrabajo de menores _xEstadísticas _zMéxico _zColima (Estado) _932340 |
|
| 650 | 4 |
_aTrabajo infantil _xEstadísticas _zMéxico _zColima (Estado) _932341 |
|
| 650 | 4 |
_aMenores trabajadores _xEstadísticas _zMéxico _zColima (Estado) _932342 |
|
| 650 | 0 |
_aAbuso del niño _xEstadísticas _zMéxico _zColima (Estado) _932343 |
|
| 700 | 1 |
_aFerráez Lepe, Pastora L. _932344 |
|
| 700 | 1 |
_aPérez Valenzuela, Roberto. _932345 |
|
| 910 | _aCatalogación por copia/LC | ||
| 942 |
_2ddc _cLBS1 |
||
| 999 |
_c13925 _d13925 |
||